000 01392nmm a2200301 a 4500
001 0000022115
003 CO-CtgCURN
005 20260216233226.0
007 co cga---uuuuu
007 ta
008 160627s2005 i eng d
020 _a9583505455
040 _aCO-CtgCURN
_bspa
_ccoctgcurn
082 0 _a345.861
_bR49d
100 1 _aRivera Llano, Abelardo.
245 1 0 _aDerecho penal posmoderno
_h[electronic resource] /
_cAbelardo Rivera Llano.
260 _aBogotá :
_bEditorial Temis,
_c2005.
300 _axx, 923 p + 1 Cd - Rom.
336 _2rdacontent
337 _2rdamedia
_asin mediacion
_bn
338 _2rdacarrier
_avolumen
_bnc
504 _aBibliografia (p. 845-892)
505 8 _aLa nueva dogmatica el nuevo derecho los avances de la ciencia, la tecnica, la filosofia la política criminal y su incidencia en el nuevo Código penal.--Reflexiones sobre la postura actual del sistema penal y la teoria del conocimiento.--La reformulacion de la tipicidad mediante la teoria de la imputacion objetiva.--El problema fronterizo entre culpa consciente y dolo eventual, condicionado o alternativo.--La discucion actual en torno al bien juridico.--El antiformalismo y la seguridad juridica
650 1 4 _aDerecho penal.
908 _a160627
942 _cBK
_h345.861
_iR49d
_2ddc
_n0
999 _c19310
_d19310